000 00600nam a2200205Ia 4500
008 160517s9999 xx 000 0 und d
020 _a978-971-27-2397-1
050 _aFIL DS 686.614
050 _b.P65 2010
245 4 _aThe Politics of change in the Philippines /
245 _cedited by Yuko Kasuya, Nathan Gilbert Quimpo.
260 _aManila :
260 _bAnvil Pub. Inc.,
260 _c2010
300 _a460 pages :
300 _billustrations ;
300 _c23 cm.
650 _aPhilippines -- Politics and government -- 1986.
650 _xPolitical culture -- Philippines.
999 _c294105
_d294105